000 00218 a2200109 4500
020 _a9780439661249
041 _aspa
100 _aBarbara Park
245 _aJunie B.Jones es una peluquera
942 _cBK
952 _71
999 _c21743
_d21743